Element of advanced mathematics (Record no. 9554)

MARC details
000 -LEADER
fixed length control field 00450 a2200169 4500
000 - LEADER
fixed length control field BKB
001 - CONTROL NUMBER
control field 136324
005 - DATE AND TIME OF LATEST TRANSACTION
control field 20200902153020.0
008 - FIXED-LENGTH DATA ELEMENTS--GENERAL INFORMATION
fixed length control field
082 ## - DEWEY DECIMAL CLASSIFICATION NUMBER
Classification number 511
Item number K86E
100 1# - MAIN ENTRY--PERSONAL NAME
Personal name Steven, Krantz
245 1# - TITLE STATEMENT
Title Element of advanced mathematics
Statement of responsibility, etc by Krantz Steven
250 ## - EDITION STATEMENT
Edition statement 3rd ed.
260 ## - PUBLICATION, DISTRIBUTION, ETC. (IMPRINT)
Place of publication, distribution, etc Boca Raton
Name of publisher, distributor, etc CRC prees
Date of publication, distribution, etc 2012
300 ## - PHYSICAL DESCRIPTION
Extent 351p.
690 ## - LOCAL SUBJECT ADDED ENTRY--TOPICAL TERM (OCLC, RLIN)
Topical term or geographic name as entry element Mathematics; Advanced mathematics
Holdings
Withdrawn status Lost status Damaged status Not for loan Home library Current library Date acquired Cost, normal purchase price Total Checkouts Full call number Barcode Date last seen Price effective from Koha item type
        Central University Of Rajasthan Central University Of Rajasthan 16/01/2013 0.00   511 K86E 11519 21/11/2024 02/09/2020 Books